Four Victorian ladies of Wiltshire : with an essay on those leisured ladies /

Enregistré dans:
Détails bibliographiques
Auteur principal: Olivier, Edith, 1879-1948
Format: Livre
Langue:English
Publié: London : Faber & Faber, 1945.
Sujets:
LEADER 01040nam a2200241 a 4500
001 c000375140
003 CARM
005 00000000000000.0
008 891027s1945 enk 00010 eng d
019 1 |a 7003761  |z 23624139  |5 LACONCORD2021 
035 |a (OCoLC)1944108  |5 LACONCORD2021 
100 1 |a Olivier, Edith,  |d 1879-1948. 
245 1 0 |a Four Victorian ladies of Wiltshire :  |b with an essay on those leisured ladies /  |c Edith Olivier. 
260 |a London :  |b Faber & Faber,  |c 1945. 
300 |a 101 p., [8] p. of leaves :  |b ports. 
600 1 0 |a Moberly, C. A. E.  |q (Charlotte Anne Elizabeth),  |d 1846-1937. 
600 1 0 |a Morrison, Mabel,  |d 1847-1933. 
600 1 0 |a Townsend, Barbara,  |d 1842 or 3-1939. 
600 1 0 |a Wyndham, Madeline,  |d d. 1920. 
650 0 |a Women  |z England  |x History  |y 19th century  |x Case studies. 
852 8 |b CARM  |h A1:AO09A0  |i A04317  |p 0351397  |f BK 
999 f f |i 26457285-2855-59dc-aab6-0c3c3c478501  |s ca1f829f-c5a0-58d6-a58a-3e1fb9bc2f83 
952 f f |p Can circulate  |a CAVAL  |b CAVAL  |c CAVAL  |d CARM 1 Store  |e A04317  |f A1:AO09A0  |h Other scheme  |i book  |m 0351397